00658nam a2200181 a 4500008004100000020001500041050001400056100001700070245002200087246003800109260003500147300002100182350000900203700002400212995009300236999001700329952013000346120416s0000 ||||||||||||||||| || u a0245568018 aQC 23 Mac aBell, John M10aMatter and energy athe foundations of modern physics aLondonbGeorge G. Harrapc1964 avii, 408p. : ill a0.00 aMacLachlan, James H D0.00FCBU-MAIN LIBRARY (Kitwe)H1I2.60M1UDAMAGEDZMain Library Open Access Collection c50764d50764 00102lcc4070a001b001cMain Library Open Access Collectiond2022-11-30l0oQC 23 Macp012159r2022-11-30w2022-11-30y002